A las puertas de la administracin̤ digital

Bibliographic Details
Main Author: Cerrillo i Martn̕ez, Agust̕
Format: eBook
Language:Spanish
Published: Madrid: Instituto Nacional de Administracin̤ Pb︢lica (INAP), 2016
Subjects:
Online Access:Acceso restringido

MARC

LEADER 00000nam a22000007a 4500
005 20170529003534.0
007 cr|||| ||||
008 170529s2016 es |||||s|||| 00||0 spa d
020 |a 978-84-7351-562-7 
035 |a 20281 
040 |a vLex 
090 |c 6716  |d 6716 
100 1 |a Cerrillo i Martn̕ez, Agust̕ 
245 1 4 |a A las puertas de la administracin̤ digital  |h [Recurso electrn̤ico] /  |c Agust ̕Cerrillo i Martn̕ez  
256 |a Servicio en ln̕ea 
260 |a Madrid:  |b Instituto Nacional de Administracin̤ Pb︢lica (INAP),  |c 2016 
300 |a 1 recurso electrn̤ico 
500 |a Una gua̕ detallada para la aplicacin̤ de las Leyes 39/2015 y 40/2015 
506 1 |a Disponible solo en los productos indicados  |d vLex Global  |d vLex Global (Academic Edition, excluding Law Schools)  |d vLex Global (U.S. Academic Edition, Law Schools)  |d vLex Global (U.S. Academic Edition, excluding Law Schools)  |d vLex Global (Academic Edition, Law Schools) 
650 0 4 |a Derecho Pb︢lico y Administrativo  |z Espaą 
740 0 |a vLex Libros (Servicio en ln̕ea) 
856 4 0 |u http://vlex.com/source/puertas-administracion-digital-20281  |z Acceso restringido 
942 |c BOOK 
999 0 |a Public and Administrative Law